[Event "Mecklenburg VP Verbandsliga 2223"]
[Site "Mecklenburg VP"]
[Date "2023.04.23"]
[Round "8.2"]
[White "Schinke, Andreas"]
[Black "Petrow, Jonas"]
[Result "1/2-1/2"]
[WhiteElo "2053"]
[BlackElo "1811"]
[PlyCount "49"]
[EventDate "2022.10.23"]
[EventType "team-tourn"]
[EventRounds "9"]
[EventCountry "GER"]
[SourceTitle "EXT 2024"]
[Source "ChessBase"]
[SourceDate "2023.10.10"]
[SourceVersion "1"]
[SourceVersionDate "2023.10.10"]
[SourceQuality "1"]
[WhiteTeam "Wismar ASV Gruen-Weiss"]
[BlackTeam "Makkabi Rostock"]
[WhiteTeamCountry "GER"]
[BlackTeamCountry "GER"]

1. e4 c5 2. Nf3 d6 3. d4 cxd4 4. Nxd4 Nf6 5. Nc3 a6 6. Bc4 e6 7. a4 Be7 8. 0-0 0-0 9. Qe2 Qc7 10. Rd1 b6 11. f3 Nc6 12. Nxc6 Qxc6 13. Be3 Bb7 14. Bb3 Rac8 15. Rd2 Nd7 16. Na2 Nc5 17. Nc1 Rfd8 18. c3 Nxb3 19. Nxb3 d5 20. e5 Qc4 21. Nd4 Qxe2 22. Rxe2 Bc5 23. Nb3 Bxe3+ 24. Rxe3 a5 25. Kf2 1/2-1/2

[Event "Mecklenburg VP Verbandsliga 2223"]
[Site "Mecklenburg VP"]
[Date "2022.12.11"]
[Round "4.2"]
[White "Busch, Martin"]
[Black "Schinke, Andreas"]
[Result "1-0"]
[WhiteElo "2117"]
[BlackElo "2053"]
[PlyCount "73"]
[EventDate "2022.10.23"]
[EventType "team-tourn"]
[EventRounds "9"]
[EventCountry "GER"]
[SourceTitle "EXT 2024"]
[Source "ChessBase"]
[SourceDate "2023.10.10"]
[SourceVersion "1"]
[SourceVersionDate "2023.10.10"]
[SourceQuality "1"]
[WhiteTeam "Think Rochade"]
[BlackTeam "Wismar ASV Gruen-Weiss"]
[WhiteTeamCountry "GER"]
[BlackTeamCountry "GER"]

1. c4 Nf6 2. g3 c6 3. Nf3 d5 4. b3 g6 5. Bb2 Bg7 6. Bg2 0-0 7. 0-0 Bf5 8. d3 Na6 9. Nbd2 Re8 10. Qc2 Nb4 11. Qd1 a5 12. a3 Na6 13. Qc2 Qc8 14. Rfc1 Bh3 15. Bh1 h6 16. Rab1 Nc7 17. cxd5 Ncxd5 18. e4 Nb6 19. d4 Qg4 20. Ne5 Qe2 21. Bf3 Qb5 22. Nf1 Nbd7 23. Be2 Qb6 24. Nxd7 Nxd7 25. Ne3 Be6 26. d5 cxd5 27. Bxg7 Kxg7 28. exd5 Bh3 29. Qc3+ Nf6 30. Nc4 Qc5 31. g4 b5 32. Qxh3 bxc4 33. bxc4 Ne4 34. Qe3 Qxe3 35. fxe3 Rec8 36. Rb7 Kf6 37. Rf1+ 1-0

[Event "Mecklenburg VP Verbandsliga 2122"]
[Site "Mecklenburg VP"]
[Date "2022.05.15"]
[Round "4.2"]
[White "Schinke, Andreas"]
[Black "Kallweit, Paul"]
[Result "1/2-1/2"]
[WhiteElo "2053"]
[BlackElo "1878"]
[PlyCount "75"]
[EventDate "2021.10.24"]
[EventType "team-tourn"]
[EventRounds "9"]
[EventCountry "GER"]
[SourceTitle "EXT 2024"]
[Source "ChessBase"]
[SourceDate "2023.10.10"]
[SourceVersion "1"]
[SourceVersionDate "2023.10.10"]
[SourceQuality "1"]
[WhiteTeam "Grevesmuehlen Blau Weiss"]
[BlackTeam "Rostock SSC 07"]
[WhiteTeamCountry "GER"]
[BlackTeamCountry "GER"]

1. e4 c6 2. Nf3 d5 3. Nc3 Nf6 4. e5 Ne4 5. Bd3 Nc5 6. Be2 d4 7. Nb1 d3 8. cxd3 Nxd3+ 9. Bxd3 Qxd3 10. Qe2 Qxe2+ 11. Kxe2 e6 12. d4 Nd7 13. Nc3 Nb6 14. Rd1 Nd5 15. Ne4 b6 16. Kf1 Ba6+ 17. Kg1 Be2 18. Re1 Bxf3 19. gxf3 h6 20. a3 0-0-0 21. Be3 Kb7 22. Rac1 Be7 23. Rc2 Rd7 24. Rec1 Rc8 25. f4 a5 26. a4 Rdc7 27. Kg2 Nb4 28. Rd2 Rd8 29. Kf3 Nd5 30. Ng3 g6 31. Ne4 Bb4 32. Rdc2 Ne7 33. Nc3 Nf5 34. Ke4 Rcd7 35. Ne2 Rc8 36. Nc3 Rcd8 37. Ne2 Rc8 38. Nc3 1/2-1/2

[Event "Mecklenburg VP LL2 West 1718"]
[Site "Mecklenburg VP"]
[Date "2018.01.21"]
[Round "5.1"]
[White "Buss, Stephan"]
[Black "Schinke, Andreas"]
[Result "1/2-1/2"]
[WhiteElo "1955"]
[BlackElo "2093"]
[PlyCount "139"]
[EventDate "2017.10.08"]
[EventType "team-tourn"]
[EventRounds "9"]
[EventCountry "GER"]
[SourceTitle "EXT 2022"]
[Source "ChessBase"]
[SourceDate "2021.10.06"]
[SourceVersion "1"]
[SourceVersionDate "2021.10.06"]
[SourceQuality "1"]
[WhiteTeam "Kuehlungsborn SV Empor"]
[BlackTeam "Grevesmuehlen Blau Weiss"]
[WhiteTeamCountry "GER"]
[BlackTeamCountry "GER"]

1. e4 d6 2. b3 Nf6 3. Nc3 g6 4. Bb2 Bg7 5. f3 0-0 6. g3 c5 7. Bg2 Nc6 8. Nge2 d5 9. Nxd5 Nxd5 10. Bxg7 Kxg7 11. exd5 Qxd5 12. 0-0 Bf5 13. g4 Bd7 14. f4 Qd6 15. f5 Rad8 16. d3 b6 17. Ng3 Ne5 18. Be4 Bc6 19. Qe2 Bxe4 20. Nxe4 Qd4+ 21. Kg2 Qd5 22. Kg3 Nc6 23. Rae1 Nd4 24. Qf2 gxf5 25. gxf5 Kh8 26. h4 f6 27. c3 Nc6 28. Re3 Ne5 29. c4 Qg8+ 30. Kh3 Qg4+ 31. Kh2 Nxd3 32. Qg3 Qxg3+ 33. Rxg3 Rd4 34. Nc3 Rxh4+ 35. Kg2 Rg8 36. Nd5 Rxg3+ 37. Kxg3 Re4 38. Rd1 Ne5 39. Nf4 Rd4 40. Re1 Nd3 41. Nxd3 Rxd3+ 42. Kg4 Rd7 43. a4 Kg7 44. a5 Kf7 45. Rh1 Rd4+ 46. Kf3 Rd3+ 47. Ke4 Rxb3 48. Rxh7+ Ke8 49. Rh8+ Kd7 50. Ra8 Rb1 51. Rxa7+ Kc6 52. Ra6 Re1+ 53. Kf3 Rc1 54. Rxb6+ Kc7 55. Ra6 Rxc4 56. Ra7+ Kd6 57. Ra6+ Ke5 58. Re6+ Kxf5 59. Rxe7 Ra4 60. Ra7 Ra3+ 61. Ke2 Kf4 62. a6 Ra2+ 63. Kd3 Ra4 64. Ra8 f5 65. a7 Ra3+ 66. Kc4 Ra5 67. Kc3 Ra4 68. Kd3 Rd4+ 69. Kc3 Ra4 70. Kd3 1/2-1/2

[Event "Mecklenburg VP VL 1516"]
[Site "Mecklenburg VP"]
[Date "2016.04.24"]
[Round "9.1"]
[White "Schinke, Andreas"]
[Black "Pererva, Viktor"]
[Result "1/2-1/2"]
[WhiteElo "2060"]
[BlackElo "2007"]
[PlyCount "73"]
[EventDate "2015.09.20"]
[EventType "team-tourn"]
[EventRounds "9"]
[EventCountry "GER"]
[SourceTitle "EXT 2022"]
[Source "ChessBase"]
[SourceDate "2021.10.06"]
[SourceVersion "1"]
[SourceVersionDate "2021.10.06"]
[SourceQuality "1"]
[WhiteTeam "Grevesmuehlen Blau Weiss"]
[BlackTeam "Rostock SSC 07 II"]
[WhiteTeamCountry "GER"]
[BlackTeamCountry "GER"]

1. e4 d5 2. Nc3 d4 3. Nce2 e5 4. f4 Nc6 5. Nf3 Bg4 6. Nxe5 Nxe5 7. fxe5 Qh4+ 8. g3 Qh5 9. Bg2 d3 10. cxd3 0-0-0 11. d4 Rxd4 12. d3 Bb4+ 13. Kf2 Qxe5 14. Be3 Rd8 15. Qc2 Ne7 16. Rhf1 Bxe2 17. Qxe2 Bc5 18. Kg1 f6 19. Bxc5 Qxc5+ 20. Kh1 Kb8 21. Rac1 Qe5 22. Rc4 Rd4 23. Rfc1 Rhd8 24. Rxc7 Qxc7 25. Rxc7 Kxc7 26. Bf1 Nc6 27. Qg4 R8d7 28. Qf4+ Ne5 29. Kg2 R7d6 30. Kh3 g6 31. Qh6 Rd7 32. Qf8 Nxd3 33. Bxd3 Rxd3 34. Qxf6 R3d6 35. Qf4 Re7 36. Qc1+ Kd7 37. Qc5 1/2-1/2

[Event "Mecklenburg VP VL 1415"]
[Site "Mecklenburg VP"]
[Date "2015.02.22"]
[Round "6.1"]
[White "Ispirjan, Mikael"]
[Black "Schinke, Andreas"]
[Result "1/2-1/2"]
[WhiteElo "1980"]
[BlackElo "2042"]
[PlyCount "128"]
[EventDate "2014.09.21"]
[EventType "team-tourn"]
[EventRounds "9"]
[EventCountry "GER"]
[SourceTitle "EXT 2022"]
[Source "ChessBase"]
[SourceDate "2021.10.06"]
[SourceVersion "1"]
[SourceVersionDate "2021.10.06"]
[SourceQuality "1"]
[WhiteTeam "Torgelow Droegeheide"]
[BlackTeam "Grevesmuehlen Blau Weiss"]
[WhiteTeamCountry "GER"]
[BlackTeamCountry "GER"]

1. e4 c6 2. Ne2 d5 3. e5 Bf5 4. Ng3 Bg6 5. h4 h5 6. e6 fxe6 7. d4 c5 8. Bd3 Bf7 9. 0-0 Nd7 10. Nd2 g6 11. Nf3 Bg7 12. dxc5 Nxc5 13. Re1 Nxd3 14. Qxd3 Nh6 15. Bxh6 Rxh6 16. Rad1 Qc7 17. Qe3 Rh8 18. Ng5 Qc6 19. c3 Rf8 20. Nxe6 Bxe6 21. Qxe6 Qxe6 22. Rxe6 Kf7 23. Re3 e6 24. Ne2 Rfe8 25. Nd4 Bxd4 26. Rxd4 Rac8 27. f4 Rc6 28. Kf2 Rec8 29. Red3 Kf6 30. Kf3 Kf5 31. Re3 Rc4 32. Re5+ Kf6 33. Rd2 R8c6 34. g3 b5 35. Re3 a5 36. a3 b4 37. axb4 axb4 38. cxb4 Rxb4 39. b3 Rc1 40. Rde2 Rb6 41. Rb2 Rb4 42. Rbe2 Rb6 43. Rb2 d4 44. Rd3 Rb4 45. Ke2 e5 46. fxe5+ Kxe5 47. Ra2 Ke4 48. Ra6 Re1+ 49. Kxe1 Kxd3 50. Rxg6 Rxb3 51. g4 hxg4 52. Rxg4 Rb1+ 53. Kf2 Kc3 54. Rg8 d3 55. Rc8+ Kd2 56. h5 Rh1 57. Rh8 Kd1 58. h6 d2 59. h7 Rh2+ 60. Kg3 Rh6 61. Kg4 Rh1 62. Kg5 Rh3 63. Kg6 Ke2 64. Rd8 d1Q 1/2-1/2

[Event "Mecklenburg VP VL 1415"]
[Site "Mecklenburg VP"]
[Date "2014.11.09"]
[Round "2.1"]
[White "Weyrich, Morten"]
[Black "Schinke, Andreas"]
[Result "1/2-1/2"]
[WhiteElo "2190"]
[BlackElo "2042"]
[PlyCount "100"]
[EventDate "2014.09.21"]
[EventType "team-tourn"]
[EventRounds "9"]
[EventCountry "GER"]
[SourceTitle "EXT 2022"]
[Source "ChessBase"]
[SourceDate "2021.10.06"]
[SourceVersion "1"]
[SourceVersionDate "2021.10.06"]
[SourceQuality "1"]
[WhiteTeam "Schwerin SF III"]
[BlackTeam "Grevesmuehlen Blau Weiss"]
[WhiteTeamCountry "GER"]
[BlackTeamCountry "GER"]

1. e4 c5 2. f4 g6 3. Nf3 Bg7 4. c3 d5 5. e5 Nc6 6. d4 cxd4 7. Nxd4 Nh6 8. Be3 Ng4 9. Bg1 f6 10. Be2 Nh6 11. Qa4 0-0 12. Nxc6 bxc6 13. Qxc6 Rb8 14. Bf3 e6 15. Bc5 Bd7 16. Qa6 Rf7 17. exf6 Qxf6 18. Bd6 Rxb2 19. 0-0 Qf5 20. Na3 Bxc3 21. Qxa7 Qd3 22. Rad1 Rd2 23. Rxd2 Qxd2 24. Qb8+ Kg7 25. Be5+ Bxe5 26. Qxe5+ Kg8 27. Rb1 Rf8 28. Qd6 Qe3+ 29. Kh1 Bc8 30. Nb5 Qd3 31. Na3 Nf5 32. Qb4 Nh4 33. Qb3 Qd2 34. Qc2 Qxf4 35. Rf1 Qe3 36. Nb1 Nxf3 37. gxf3 Ba6 38. Qf2 Qf4 39. Re1 e5 40. Nd2 Bd3 41. Qe3 e4 42. fxe4 Bxe4+ 43. Nxe4 dxe4 44. Qxe4 Qxe4+ 45. Rxe4 Rf2 46. Re8+ Kf7 47. Ra8 Kg7 48. a4 Kh6 49. a5 Ra2 50. a6 Kg5 1/2-1/2

[Event "Mecklenburg VP VL 1314"]
[Site "Mecklenburg VP"]
[Date "2014.01.19"]
[Round "5.1"]
[White "Schinke, Andreas"]
[Black "Schwetlick, Thomas"]
[Result "1-0"]
[WhiteElo "2061"]
[BlackElo "1846"]
[PlyCount "81"]
[EventDate "2013.10.20"]
[EventType "team-tourn"]
[EventRounds "9"]
[EventCountry "GER"]
[SourceTitle "EXT 2022"]
[Source "ChessBase"]
[SourceDate "2021.10.06"]
[SourceVersion "1"]
[SourceVersionDate "2021.10.06"]
[SourceQuality "1"]
[WhiteTeam "Grevesmuehlen Blau Weiss"]
[BlackTeam "Rostock HSG Uni"]
[WhiteTeamCountry "GER"]
[BlackTeamCountry "GER"]

1. Nf3 Nf6 2. c4 g6 3. Nc3 Bg7 4. g3 0-0 5. Bg2 c6 6. e4 d6 7. d4 Nbd7 8. 0-0 e5 9. h3 Qb6 10. d5 cxd5 11. cxd5 Re8 12. Qe2 Nf8 13. Be3 Qd8 14. Rfc1 Bd7 15. Nd2 Qe7 16. a4 Rec8 17. a5 Ne8 18. b4 f5 19. Nb5 f4 20. Rxc8 Rxc8 21. Bxa7 fxg3 22. Na3 Qh4 23. fxg3 Qxg3 24. Qe3 Qh4 25. Qf2 Qf4 26. Be3 Qf6 27. Ndc4 Qxf2+ 28. Kxf2 Bf6 29. Rc1 Kf7 30. b5 Ra8 31. Bf1 Bh4+ 32. Kf3 Bd8 33. a6 bxa6 34. bxa6 Bc8 35. a7 Nd7 36. Nb5 Be7 37. Nb6 Nxb6 38. Bxb6 Bd7 39. Nc7 Nxc7 40. Rxc7 Ke8 41. Rb7 1-0